• 首页
  • 本馆介绍
  • 公告通知
  • 最新文献
  • 馆藏检索
  • 电子资源
  • 读者导购
  • 参考咨询
  • 我的图书馆
  • 登录
  • 详细信息显示
  • 放入我的书架
  • 预约/预借图书
  • 作者相关作品
  • 分类相关作品
  • 丛书相关作品
  • 出版社相关作品

书目信息

  • 表格格式
  • 工作单格式
  • 卡片格式
题名:
工程热力学
    
 
作者: B·V·卡里卡 R·M·戴斯蒙德 著
分册:  
出版信息: 北京   人民教育出版社  1981.11
页数: 499页
开本: 20cm
丛书名:
单 册:
中图分类: TK123
科图分类:
主题词: 热力工程--理论
电子资源:
ISBN:
000 00607nam0 2200193 450
001 0655178207
005 20060731152204.23
010    @dCNY2.05
100    @a20060731d1981 km y0chiy0120 ea
101 0  @achi
102    @aCN@b110000
200 1  @a工程热力学@Agong cheng re li xue@fB·V·卡里卡 R·M·戴斯蒙德 著@FB·V·ka li ka R·M·dai si meng de zhu
210    @a北京@c人民教育出版社@d1981.11
215    @a499页@d20cm
606 0  @a热力工程@x理论
690    @aTK123@v3
701  0 @aB·V·卡里卡 R·M·戴斯蒙德@AB·V·ka li ka R·M·dai si meng de@4著
801  0 @aCN@bPFT@c20060731
905    @a10447@dTK123@e65
    
    工程热力学/B·V·卡里卡 R·M·戴斯蒙德 著.-北京:人民教育出版社,1981.11
    499页;20cm
    
    
    ISBN :CNY2.05
    
●
相关链接 在E读中查询图书 在五车中查询图书 在当当中查询图书 在豆瓣中查询图书


正题名:工程热力学     索取号:TK123/65         预约/预借

序号 登录号 条形码 馆藏地/架位号 状态 备注
1 0439165   204391657   密集书库/ [索取号:TK123/65] 在馆    
唐山师范学院图书馆 欢迎您!
大连网信软件有限公司© 版权所有